[Event "BayJEM19 - U16w"]
[Site "?"]
[Date "2019.04.22"]
[Round "1.1"]
[White "Weber, Leonora"]
[Black "Khamenya, Vitalia"]
[Result "1/2-1/2"]
[WhiteElo "1526"]
[BlackElo "1872"]
[PlyCount "74"]
[EventDate "2019.??.??"]
[WhiteTeam "Schachklub Rochade Augsburg"]
[BlackTeam "SK Gräfelfing"]

1. e4 e5 2. Nf3 Nc6 3. Bc4 Bc5 4. c3 Nf6 5. d4 exd4 6. cxd4 Bb4+ 7. Bd2 Bxd2+
8. Nbxd2 d5 9. e5 dxc4 10. exf6 Qxf6 11. Nxc4 O-O 12. O-O Bg4 13. d5 Rad8 14.
Ne3 Bxf3 15. Qxf3 Qxf3 16. gxf3 Nd4 17. Kg2 Rd6 18. Rfd1 Rg6+ 19. Ng4 Ne2 20.
Kf1 Nf4 21. Rac1 h5 22. Ne3 c6 23. dxc6 Rxc6 24. Rxc6 bxc6 25. Rd7 Rb8 26. b3
a5 27. Ra7 Rb5 28. Ke1 Nd3+ 29. Kd2 Nxf2 30. Nc4 Rd5+ 31. Ke2 Nd3 32. Rxa5 Nc1+
33. Ke3 Rxa5 34. Nxa5 Nxa2 35. Nxc6 Nc3 36. b4 Kf8 37. Kd4 Na4 1/2-1/2

[Event "BayJEM19 - U16w"]
[Site "?"]
[Date "2019.04.22"]
[Round "1.2"]
[White "Bardorz, Jana"]
[Black "Albayrak, Berrak"]
[Result "0-1"]
[WhiteElo "1863"]
[BlackElo "1516"]
[PlyCount "80"]
[EventDate "2019.??.??"]
[WhiteTeam "TSV 1869 e. V. Rottendorf"]
[BlackTeam "Spvg Zabo-Eintracht Nürnberg e.V"]

1. e4 d6 2. d4 Nf6 3. Nc3 g6 4. f3 Bg7 5. Be3 c6 6. Qd2 Qc7 7. Bh6 O-O 8. h4
Kh8 9. Bxg7+ Kxg7 10. h5 Ng8 11. g4 Nd7 12. g5 Re8 13. hxg6 hxg6 14. Qh2 e6 15.
Qh8+ Kf8 16. Rh7 Ke7 17. Rg7 Qd8 18. Qh7 Rf8 19. Rxg6 Qe8 20. Rg7 Kd8 21. O-O-O
Ne7 22. Qh2 Kc7 23. d5 exd5 24. exd5 Ne5 25. dxc6 bxc6 26. Ne4 Nf5 27. Rh7 Qe6
28. Bh3 Rd8 29. Rh6 Qxa2 30. Bxf5 Bxf5 31. Nc3 Qa1+ 32. Kd2 Nc4+ 33. Ke2 Qxb2
34. Ne4 Bxe4 35. fxe4 Qxc2+ 36. Ke1 Qxe4+ 37. Ne2 Qe5 38. Qh5 Rd7 39. Qg4 Ne3
40. Qa4 Nxd1 0-1

[Event "BayJEM19 - U16w"]
[Site "?"]
[Date "2019.04.22"]
[Round "1.3"]
[White "Vuckovic, Katarina"]
[Black "Pavlov, Liliane"]
[Result "0-1"]
[WhiteElo "1501"]
[BlackElo "1764"]
[PlyCount "82"]
[EventDate "2019.??.??"]
[WhiteTeam "Schachfreunde Augsburg"]
[BlackTeam "SC Bavaria Regensb.1881"]

1. e4 b6 2. d4 Bb7 3. Nc3 e6 4. Nf3 Bb4 5. Bd3 Nf6 6. e5 Ne4 7. Bxe4 Bxe4 8.
O-O Bb7 9. Re1 O-O 10. Ng5 f6 11. Nh3 fxe5 12. Rxe5 Nc6 13. Rh5 Qf6 14. Ne4
Qxd4 15. Qg4 Ne7 16. Nhg5 Bxe4 17. Nxe4 d5 18. c3 Qxe4 19. Qxe4 dxe4 20. cxb4
Nd5 21. a3 Rf5 22. Rh4 Raf8 23. Be3 Nxe3 24. fxe3 Rf2 25. Rxe4 Rxb2 26. Rxe6
Rff2 27. Re8+ Kf7 28. Re4 Rxg2+ 29. Kh1 Rxh2+ 30. Kg1 g5 31. Rf1+ Kg6 32. Re6+
Kh5 33. Rc1 Kg4 34. e4 h5 35. e5 Rbg2+ 36. Kf1 Rg3 37. Re1 Rf3+ 38. Kg1 Kg3 39.
Rg6 Rg2+ 40. Kh1 Kf2 41. Rf6 Rgg3 0-1

[Event "BayJEM19 - U16w"]
[Site "?"]
[Date "2019.04.22"]
[Round "1.4"]
[White "Kunisch, Nina"]
[Black "Paoli, Constanze Maria"]
[Result "1-0"]
[WhiteElo "1755"]
[BlackElo "1457"]
[PlyCount "75"]
[EventDate "2019.??.??"]
[WhiteTeam "TV-Großostheim 1900 e.V."]
[BlackTeam "SC Königsspringer Alzenau e.V"]

1. e4 e5 2. Nf3 Nc6 3. Bc4 Bc5 4. c3 Nf6 5. d3 h6 6. h3 d6 7. Bb3 Be6 8. Bc2
Qd7 9. a3 Nh7 10. d4 exd4 11. cxd4 Bb6 12. d5 Bxd5 13. exd5 Qe7+ 14. Qe2 Ne5
15. Nxe5 dxe5 16. Ba4+ Kf8 17. O-O Nf6 18. Nc3 Bd4 19. Bb3 a6 20. Be3 c5 21.
dxc6 bxc6 22. Bxd4 exd4 23. Qxe7+ Kxe7 24. Rfe1+ Kd6 25. Ne4+ Nxe4 26. Rxe4 c5
27. Bxf7 Rab8 28. b3 Rhf8 29. Bc4 Kc6 30. Re6+ Kd7 31. Rae1 Rbe8 32. Rxe8 Rxe8
33. Rxe8 Kxe8 34. Bxa6 Kd7 35. Kf1 Kd6 36. Ke2 Ke5 37. g3 Ke4 38. Bd3+ 1-0

[Event "BayJEM19 - U16w"]
[Site "?"]
[Date "2019.04.22"]
[Round "1.5"]
[White "Röll, Laura"]
[Black "Cheredzhiyska, Iva"]
[Result "0-1"]
[WhiteElo "1240"]
[BlackElo "1583"]
[PlyCount "66"]
[EventDate "2019.??.??"]
[WhiteTeam "Schach-Club Vaterstetten-Grasbru"]
[BlackTeam "TV Tegernsee"]

1. e4 e5 2. Bc4 Nf6 3. Nc3 Nxe4 4. Nxe4 d5 5. Bxd5 Qxd5 6. Nc3 Qxg2 7. Qf3 Qg6
8. d3 Nc6 9. Nge2 Bg4 10. Qg3 Bd6 11. f3 Bh5 12. Rf1 O-O-O 13. Qh3+ f5 14. Rg1
Qf7 15. Be3 Bb4 16. O-O-O Nd4 17. Kb1 Nxf3 18. Rgf1 Bg4 19. Qg2 Nd4 20. Rc1 Qh5
21. Ng3 Qg6 22. Bd2 f4 23. Nge4 f3 24. Qg3 Qh5 25. Rg1 Bf5 26. Rce1 g6 27. h4
Rhf8 28. Ng5 Bxc3 29. Bxc3 Ne2 30. Qxe5 Nxc3+ 31. Qxc3 f2 32. Rh1 fxe1=Q+ 33.
Rxe1 Qxh4 0-1

[Event "BayJEM19 - U16w"]
[Site "?"]
[Date "2019.04.22"]
[Round "1.6"]
[White "Schilay, Maria"]
[Black "Dietrich, Christina"]
[Result "1-0"]
[WhiteElo "1580"]
[BlackElo "1227"]
[PlyCount "63"]
[EventDate "2019.??.??"]
[WhiteTeam "SK Neumarkt e.V."]
[BlackTeam "SGem 1882 Fürth"]

1. e4 e5 2. Nf3 Nc6 3. Nc3 Be7 4. d3 Nf6 5. Be3 d6 6. Be2 Be6 7. d4 exd4 8.
Nxd4 Nxd4 9. Qxd4 O-O 10. f4 c5 11. Qd2 Qc7 12. f5 Bd7 13. g4 Bc6 14. Bf3 Rad8
15. O-O-O b5 16. g5 Ne8 17. Qg2 Rb8 18. f6 Bd8 19. Nd5 Qb7 20. fxg7 Nxg7 21.
Nf6+ Kh8 22. Rxd6 Be7 23. Rdd1 b4 24. Rhg1 c4 25. Qh3 Bxf6 26. gxf6 Ne8 27. Bf4
Ra8 28. Bh6 Rg8 29. Rxg8+ Kxg8 30. Rg1+ Kh8 31. Qg2 Bxe4 32. Qg8# 1-0

[Event "BayJEM19 - U16w"]
[Site "?"]
[Date "2019.04.22"]
[Round "1.7"]
[White "Burger, Daiana"]
[Black "Kühne, Maria"]
[Result "0-1"]
[WhiteElo "1137"]
[BlackElo "1562"]
[PlyCount "32"]
[EventDate "2019.??.??"]
[WhiteTeam "SK Neumarkt e.V."]
[BlackTeam "FC Ergolding 1932 e.V."]

1. e4 d5 2. d3 e5 3. Nc3 d4 4. Nce2 Bd6 5. Nf3 Ne7 6. Ng3 Nbc6 7. Bd2 h6 8. c3
O-O 9. h3 Be6 10. Qc1 f5 11. Bxh6 f4 12. Ne2 gxh6 13. g3 Ng6 14. cxd4 Bb4+ 15.
Kd1 Kh7 16. a3 Bb3+ 0-1

[Event "BayJEM19 - U16w"]
[Site "?"]
[Date "2019.04.22"]
[Round "1.8"]
[White "Petzold, Annika"]
[Black "Goldstein, Elena"]
[Result "1-0"]
[WhiteElo "1528"]
[BlackElo "968"]
[PlyCount "71"]
[EventDate "2019.??.??"]
[WhiteTeam "TSV Bindlach Aktionär"]
[BlackTeam "Spvgg 1946 e.V. Stetten"]

1. b4 g6 2. Bb2 Nf6 3. c4 Bg7 4. Nc3 O-O 5. Nf3 d6 6. e3 Bg4 7. Be2 e5 8. d4
Bxf3 9. Bxf3 Nc6 10. b5 exd4 11. exd4 Re8+ 12. Ne2 Na5 13. Qa4 c6 14. Bc3 Nxc4
15. Qxc4 Rc8 16. Rc1 cxb5 17. Qxb5 b6 18. O-O Ne4 19. Bxe4 Rxe4 20. Ng3 Rf4 21.
Qd5 Qf6 22. Ne4 Qh4 23. g3 Rf5 24. Qxf5 Qxh2+ 25. Kxh2 gxf5 26. Nxd6 Rd8 27.
Nxf5 Bf6 28. Rfe1 a5 29. Bd2 Bxd4 30. Bh6 Bc5 31. Rc2 Bf8 32. Rc7 b5 33. Rec1
Re8 34. Rc8 Rxc8 35. Rxc8 Kh8 36. Rxf8# 1-0

[Event "BayJEM19 - U16w"]
[Site "?"]
[Date "2019.04.23"]
[Round "2.1"]
[White "Pavlov, Liliane"]
[Black "Schilay, Maria"]
[Result "1-0"]
[WhiteElo "1764"]
[BlackElo "1580"]
[PlyCount "65"]
[EventDate "2019.??.??"]
[WhiteTeam "SC Bavaria Regensb.1881"]
[BlackTeam "SK Neumarkt e.V."]

1. d4 d5 2. c4 e6 3. Nf3 Nf6 4. g3 c5 5. Bg2 Nc6 6. cxd5 Nxd5 {[%emt 0:00:00]}
7. O-O {[%emt 0:00:00]} cxd4 8. Nxd4 Bd7 9. e4 Nf6 10. Nc3 Bc5 11. Nb3 Be7 {
[%emt 0:00:00]} 12. Be3 O-O 13. f4 e5 14. f5 Qc7 15. Rc1 Qd8 16. Qe2 Rc8 {
[%emt 0:00:00]} 17. Rfd1 Na5 18. Nxa5 Qxa5 19. g4 Bc6 20. g5 Nd7 21. a3 {
[%emt 0:00:00]} Bc5 22. Kh1 Bxe3 23. Qxe3 Qd8 24. Rd3 Qe7 25. b4 b6 26. Bh3
Rcd8 27. Qg3 Kh8 28. Rf1 Rg8 29. Qh4 Bb7 30. Rfd1 Nb8 31. f6 gxf6 32. gxf6 Qc7
33. Bf5 1-0

[Event "BayJEM19 - U16w"]
[Site "?"]
[Date "2019.04.23"]
[Round "2.2"]
[White "Kühne, Maria"]
[Black "Kunisch, Nina"]
[Result "0-1"]
[WhiteElo "1562"]
[BlackElo "1755"]
[PlyCount "46"]
[EventDate "2019.??.??"]
[WhiteTeam "FC Ergolding 1932 e.V."]
[BlackTeam "TV-Großostheim 1900 e.V."]

1. e4 e5 2. Bc4 Nf6 3. Nc3 Nc6 4. d3 Bc5 5. f4 d6 6. h3 a6 7. a3 b5 {[%emt 0:
00:00]} 8. Ba2 Bb7 {[%emt 0:00:00]} 9. Nf3 Nd4 10. Nxd4 Bxd4 11. Qe2 O-O 12.
Rf1 d5 13. Bd2 dxe4 14. O-O-O exd3 15. cxd3 exf4 16. Rxf4 Qd7 {[%emt 0:00:00]}
17. g4 Rae8 18. Qf1 c5 19. Rf5 b4 20. Ne2 {[%emt 0:00:00]} Bxb2+ 21. Kxb2 Qxd3
22. Nc1 bxa3+ 23. Ka1 Qd4+ 0-1

[Event "BayJEM19 - U16w"]
[Site "?"]
[Date "2019.04.23"]
[Round "2.3"]
[White "Cheredzhiyska, Iva"]
[Black "Petzold, Annika"]
[Result "1-0"]
[WhiteElo "1583"]
[BlackElo "1528"]
[PlyCount "75"]
[EventDate "2019.??.??"]
[WhiteTeam "TV Tegernsee"]
[BlackTeam "TSV Bindlach Aktionär"]

1. e4 g6 2. d4 Bg7 3. Be3 c5 4. Nc3 cxd4 5. Bxd4 Bxd4 6. Qxd4 Nf6 7. Be2 Nc6 8.
Qe3 Qa5 9. O-O-O d6 10. f4 Be6 11. a3 Rc8 12. h3 d5 13. Nf3 dxe4 14. Ng5 {
[%emt 0:00:00]} Nd5 15. Nxd5 Bxd5 16. Nxe4 Bxe4 17. Qxe4 e6 {[%emt 0:00:00]}
18. Bc4 Qa4 19. Qe2 O-O 20. Rhf1 Na5 21. Bb5 Nb3+ 22. Kb1 Nd4 23. Bxa4 Nxe2 24.
Rd2 Ng3 25. Rfd1 Rc4 {[%emt 0:00:00]} 26. Rd4 Rfc8 27. Bb3 Rxd4 28. Rxd4 Rc7
29. c3 Kg7 30. Rd3 Ne2 31. g3 Ng1 32. h4 Nh3 33. Rd2 Kh6 34. Rh2 Ng1 35. Bd1
Rd7 36. Kc2 f5 37. Rh1 Rxd1 38. Kxd1 1-0

[Event "BayJEM19 - U16w"]
[Site "?"]
[Date "2019.04.23"]
[Round "2.4"]
[White "Albayrak, Berrak"]
[Black "Weber, Leonora"]
[Result "0-1"]
[WhiteElo "1516"]
[BlackElo "1526"]
[PlyCount "86"]
[EventDate "2019.??.??"]
[WhiteTeam "Spvg Zabo-Eintracht Nürnberg e.V"]
[BlackTeam "Schachklub Rochade Augsburg"]

1. e4 c5 2. Nf3 Nc6 3. d4 cxd4 4. Nxd4 g6 5. Nc3 Bg7 6. Be3 Nf6 7. Be2 O-O 8.
Qd2 a6 9. h4 d5 10. exd5 Nxd5 11. Nxd5 Qxd5 12. Bf3 Qe5 13. Nxc6 bxc6 14. Bxc6
Qxb2 15. O-O Rb8 16. Rab1 Qxb1 17. Rxb1 Rxb1+ 18. Kh2 Be6 19. Qa5 Rb2 20. Qxa6
Rxa2 21. Qd3 Rc8 22. Bb7 Rc4 23. g3 h5 24. Be4 Kh7 25. Kg2 Rcxc2 26. Qd8 Re2
27. Qb6 Bh6 28. Bxh6 Rxf2+ 29. Qxf2 Rxf2+ 30. Kxf2 Kxh6 31. Ke3 f6 32. Bf3 g5
33. Ke4 Kg6 34. hxg5 fxg5 35. Ke5 Bf5 36. Be2 e6 37. Bf3 g4 38. Be4 Bxe4 39.
Kxe4 Kg5 40. Ke3 h4 41. gxh4+ Kxh4 42. Kf2 e5 43. Kg2 e4 0-1

[Event "BayJEM19 - U16w"]
[Site "?"]
[Date "2019.04.23"]
[Round "2.5"]
[White "Khamenya, Vitalia"]
[Black "Bardorz, Jana"]
[Result "0-1"]
[WhiteElo "1872"]
[BlackElo "1863"]
[PlyCount "36"]
[EventDate "2019.??.??"]
[WhiteTeam "SK Gräfelfing"]
[BlackTeam "TSV 1869 e. V. Rottendorf"]

1. e4 e5 2. Bc4 Nf6 3. d3 Nc6 4. Nc3 Na5 5. Bb3 Be7 6. f4 exf4 7. Bxf4 Nxb3 8.
axb3 d5 9. Nb5 O-O 10. Nxc7 Bg4 11. Nf3 Rc8 12. exd5 Rxc7 13. Bxc7 Qxc7 14. c4
Bb4+ 15. Kf2 Qb6+ 16. Kf1 Re8 17. Qc2 Qe3 18. Ng1 Bd2 0-1

[Event "BayJEM19 - U16w"]
[Site "?"]
[Date "2019.04.23"]
[Round "2.6"]
[White "Dietrich, Christina"]
[Black "Vuckovic, Katarina"]
[Result "1-0"]
[WhiteElo "1227"]
[BlackElo "1501"]
[PlyCount "41"]
[EventDate "2019.??.??"]
[WhiteTeam "SGem 1882 Fürth"]
[BlackTeam "Schachfreunde Augsburg"]

1. e4 e6 2. d4 d5 3. Nc3 dxe4 4. Nxe4 Nd7 5. Nf3 Ngf6 6. Bd3 Be7 7. Bf4 c5 8.
Be3 Qb6 9. Rb1 cxd4 10. Bxd4 Qa5+ 11. Bc3 Qd5 12. Qe2 Qxa2 13. O-O Qd5 14. Rfe1
O-O 15. Rbd1 Qc6 16. Nfg5 a6 17. Nxf6+ Bxf6 18. Bxh7+ Kh8 19. Qh5 Bxg5 20. Bg6+
Bh6 21. Qxh6+ 1-0

[Event "BayJEM19 - U16w"]
[Site "?"]
[Date "2019.04.23"]
[Round "2.7"]
[White "Paoli, Constanze Maria"]
[Black "Burger, Daiana"]
[Result "1-0"]
[WhiteElo "1457"]
[BlackElo "1137"]
[PlyCount "93"]
[EventDate "2019.??.??"]
[WhiteTeam "SC Königsspringer Alzenau e.V"]
[BlackTeam "SK Neumarkt e.V."]

1. e4 e5 2. Nf3 Nc6 3. Bc4 Bc5 4. Nc3 Nf6 5. d3 h6 6. Be3 Bb6 7. Qe2 d6 8. h3
Be6 9. Bb3 Nd4 10. Bxd4 exd4 11. Nb5 c5 12. e5 Nd5 13. Nxd6+ Kf8 14. Nxb7 Qc7
15. Bxd5 Bxd5 16. Nd6 Ba5+ 17. Kf1 Rb8 18. c4 Be6 19. Kg1 a6 20. Kh2 Qe7 21.
Qe4 g6 22. Nh4 Rg8 23. g3 Rxb2 24. Qa8+ Kg7 25. Qxa6 Rxf2+ 26. Kg1 Qg5 27. Kxf2
Qe3+ 28. Kg2 Qxe5 29. Qxa5 Rb8 30. Qd2 Qxd6 31. Rab1 Ra8 32. Qf2 Ra3 33. Rb3
Ra4 34. Rf1 Qa6 35. a3 Rxa3 36. Rxa3 Qxa3 37. Qf6+ Kh7 38. Nxg6 Qb2+ 39. Rf2
Qb7+ 40. Kh2 Qb8 41. Ne5 Qg8 42. Nxf7 Bxf7 43. Qxf7+ Qxf7 44. Rxf7+ Kg6 45. Rf4
Kg5 46. Re4 Kf5 47. g4+ 1-0

[Event "BayJEM19 - U16w"]
[Site "?"]
[Date "2019.04.23"]
[Round "2.8"]
[White "Goldstein, Elena"]
[Black "Röll, Laura"]
[Result "1/2-1/2"]
[WhiteElo "968"]
[BlackElo "1240"]
[PlyCount "50"]
[EventDate "2019.??.??"]
[WhiteTeam "Spvgg 1946 e.V. Stetten"]
[BlackTeam "Schach-Club Vaterstetten-Grasbru"]

1. e4 e5 2. Nf3 Nc6 3. Nc3 Nf6 4. Bc4 Bb4 5. d3 h6 6. O-O d6 7. h3 Bxc3 8. bxc3
O-O 9. Be3 Na5 10. Bb3 Bd7 11. Qe2 Re8 12. Nd2 b5 13. d4 a6 14. Qf3 Kh7 15.
Bxf7 Rf8 16. Bb3 Nxb3 17. cxb3 Ng8 18. Qg3 Qf6 19. c4 Ne7 20. dxe5 dxe5 21. Bc5
Rf7 22. Nf3 Ng6 23. Rac1 Nf4 24. Rc2 Nh5 25. Qh4 Qxh4 1/2-1/2

[Event "BayJEM19 - U16w"]
[Site "?"]
[Date "2019.04.23"]
[Round "3.1"]
[White "Kunisch, Nina"]
[Black "Pavlov, Liliane"]
[Result "1/2-1/2"]
[WhiteElo "1755"]
[BlackElo "1764"]
[PlyCount "51"]
[EventDate "2019.??.??"]
[WhiteTeam "TV-Großostheim 1900 e.V."]
[BlackTeam "SC Bavaria Regensb.1881"]

1. e4 b6 2. d4 Bb7 3. Bd3 e6 4. Nf3 c5 5. c3 Nf6 6. Qe2 d6 7. O-O Be7 8. Nbd2
Nc6 9. Rd1 Qc7 10. e5 Nd5 11. Nc4 dxe5 12. Ncxe5 Nxe5 13. dxe5 O-O-O 14. a3 Qb8
15. c4 Nc7 16. Bg5 Bxf3 17. Qxf3 Bxg5 18. Be4 f5 19. Bc6 Na6 20. Qh5 Bh6 21.
Qf7 Nc7 22. b4 Bf4 23. b5 Bxe5 24. Bd7+ Kb7 25. Bc6+ Kc8 26. Bd7+ 1/2-1/2

[Event "BayJEM19 - U16w"]
[Site "?"]
[Date "2019.04.23"]
[Round "3.2"]
[White "Weber, Leonora"]
[Black "Cheredzhiyska, Iva"]
[Result "1/2-1/2"]
[WhiteElo "1526"]
[BlackElo "1583"]
[PlyCount "54"]
[EventDate "2019.??.??"]
[WhiteTeam "Schachklub Rochade Augsburg"]
[BlackTeam "TV Tegernsee"]

1. e4 e5 2. Nf3 Nc6 3. Bc4 Bc5 4. c3 Nf6 5. d4 exd4 6. cxd4 Bb4+ 7. Bd2 O-O 8.
d5 Bxd2+ 9. Nbxd2 Nb8 10. e5 Ng4 11. O-O d6 12. e6 fxe6 13. dxe6 Kh8 14. Nd4
Nh6 15. Re1 Qe7 16. Qh5 Nc6 17. Nxc6 bxc6 18. Re2 Bb7 19. Rf1 Rf5 20. Qh3 Raf8
21. Bd3 R5f6 22. g3 Nf5 23. Bxf5 Rxf5 24. Rfe1 Ba6 25. Re4 Rxf2 26. Rh4 h6 27.
Rxh6+ gxh6 1/2-1/2

[Event "BayJEM19 - U16w"]
[Site "?"]
[Date "2019.04.23"]
[Round "3.3"]
[White "Bardorz, Jana"]
[Black "Paoli, Constanze Maria"]
[Result "1-0"]
[WhiteElo "1863"]
[BlackElo "1457"]
[PlyCount "31"]
[EventDate "2019.??.??"]
[WhiteTeam "TSV 1869 e. V. Rottendorf"]
[BlackTeam "SC Königsspringer Alzenau e.V"]

1. e4 e5 2. Nf3 Nc6 3. Nc3 Nf6 4. d4 exd4 5. Nxd4 Bb4 6. Nxc6 bxc6 7. Bd3 O-O
8. O-O d6 9. Bg5 h6 10. Bh4 Re8 11. Re1 Bg4 12. Bxf6 Qxf6 13. Qxg4 d5 14. e5
Rxe5 15. Rxe5 Qxe5 16. Qxb4 1-0

[Event "BayJEM19 - U16w"]
[Site "?"]
[Date "2019.04.23"]
[Round "3.4"]
[White "Schilay, Maria"]
[Black "Albayrak, Berrak"]
[Result "1/2-1/2"]
[WhiteElo "1580"]
[BlackElo "1516"]
[PlyCount "52"]
[EventDate "2019.??.??"]
[WhiteTeam "SK Neumarkt e.V."]
[BlackTeam "Spvg Zabo-Eintracht Nürnberg e.V"]

1. e4 d6 2. d4 Nf6 3. Nc3 g6 4. f3 Bg7 5. Be3 c6 6. Qd2 Qc7 7. O-O-O Nbd7 8.
Bh6 Bxh6 9. Qxh6 Nb6 10. Nge2 Bd7 11. g4 O-O-O 12. Ng3 Kb8 13. Qe3 h5 14. gxh5
Nxh5 15. Rg1 Rc8 16. Be2 d5 17. e5 c5 18. f4 Ng7 19. Rh1 cxd4 20. Qxd4 Na4 21.
Rd3 Nf5 22. Nxf5 gxf5 23. Bf3 e6 24. Bd1 Nxc3 25. Rxc3 Bc6 26. Bf3 Qe7 1/2-1/2

[Event "BayJEM19 - U16w"]
[Site "?"]
[Date "2019.04.23"]
[Round "3.5"]
[White "Petzold, Annika"]
[Black "Kühne, Maria"]
[Result "1/2-1/2"]
[WhiteElo "1528"]
[BlackElo "1562"]
[PlyCount "64"]
[EventDate "2019.??.??"]
[WhiteTeam "TSV Bindlach Aktionär"]
[BlackTeam "FC Ergolding 1932 e.V."]

1. c4 e5 2. Nc3 Nc6 3. g3 Bc5 4. Bg2 d6 5. e3 a6 6. a3 Nf6 7. b4 Ba7 8. Nge2
O-O 9. O-O Bd7 10. Rb1 Qc8 11. Re1 Re8 12. d3 Bf5 13. e4 Bh3 14. Nd5 Nxd5 15.
cxd5 Ne7 16. Kf1 Ng6 17. Ng1 Bd7 18. Be3 Bxe3 19. Rxe3 f5 20. Bh3 f4 21. Bxd7
Qxd7 22. Re2 Rf8 23. f3 Rac8 24. Kg2 h5 25. Qd2 Qe7 26. Nh3 fxg3 27. hxg3 h4
28. Qg5 Qxg5 29. Nxg5 hxg3 30. Kxg3 Nf4 31. Rd2 Rf6 32. Rh1 Rh6 1/2-1/2

[Event "BayJEM19 - U16w"]
[Site "?"]
[Date "2019.04.23"]
[Round "3.6"]
[White "Röll, Laura"]
[Black "Dietrich, Christina"]
[Result "1-0"]
[WhiteElo "1240"]
[BlackElo "1227"]
[PlyCount "149"]
[EventDate "2019.??.??"]
[WhiteTeam "Schach-Club Vaterstetten-Grasbru"]
[BlackTeam "SGem 1882 Fürth"]

1. e4 e5 2. Nf3 Nc6 3. Bc4 Be7 4. Nc3 Nf6 5. d3 d6 6. h3 Be6 7. Bb3 d5 8. Bg5
d4 9. Bxf6 Bxf6 10. Nd5 Na5 11. Nxf6+ Qxf6 12. Ba4+ Nc6 13. Bxc6+ bxc6 14. Qd2
O-O 15. c3 c5 16. c4 Qe7 17. Nxe5 f6 18. Nf3 f5 19. O-O fxe4 20. dxe4 Bxh3 21.
Kh2 Bg4 22. Ng5 h6 23. f3 Bd7 24. Nh3 Bxh3 25. Kxh3 Qe6+ 26. Kh2 Qxc4 27. Rfc1
Qe6 28. Kg1 Qd6 29. Qa5 d3 30. Rxc5 Qd4+ 31. Kh1 d2 32. Rd1 Qxb2 33. Rxd2 Qb6
34. Rdc2 Qb1+ 35. Rc1 Qb6 36. Rb5 Qxa5 37. Rxa5 Rfc8 38. Kh2 Kf7 39. Kg3 Kf6
40. Rac5 Re8 41. Rxc7 Kg6 42. R1c6+ Kh7 43. Rf7 a5 44. Rcc7 Rg8 45. Kg4 Rab8
46. Rc2 a4 47. Ra7 Rb4 48. a3 Rd4 49. Kh5 Re8 50. Rcc7 Re5+ 51. Kh4 Rg5 52. g4
Rd3 53. f4 Rg6 54. Rxa4 Rf6 55. e5 Re6 56. Raa7 Rd4 57. Rxg7+ Kh8 58. Rgc7 Rd8
59. Kh5 Rde8 60. Rh7+ Kg8 61. Rxh6 Rxh6+ 62. Kxh6 Re6+ 63. Kh5 Kf8 64. g5 Ke8
65. g6 Kd8 66. g7 Re8 67. Kh6 Re6+ 68. Kh7 Re8 69. g8=Q Rxg8 70. Kxg8 Kc8 71.
e6 Kb8 72. Rh7 Kc8 73. Rd7 Kb8 74. e7 Kc8 75. e8=Q# 1-0

[Event "BayJEM19 - U16w"]
[Site "?"]
[Date "2019.04.23"]
[Round "3.7"]
[White "Goldstein, Elena"]
[Black "Khamenya, Vitalia"]
[Result "0-1"]
[WhiteElo "968"]
[BlackElo "1872"]
[PlyCount "58"]
[EventDate "2019.??.??"]
[WhiteTeam "Spvgg 1946 e.V. Stetten"]
[BlackTeam "SK Gräfelfing"]

1. e4 e5 2. Nf3 Nc6 3. Nc3 Nf6 4. Bc4 Bc5 5. O-O d6 6. h3 O-O 7. d3 h6 8. b3
Ne7 9. Bb2 c6 10. d4 exd4 11. Nxd4 Ng6 12. Qd3 d5 13. exd5 cxd5 14. Nf3 dxc4
15. Qxc4 Bb6 16. Ne2 Be6 17. Qc3 Rc8 18. Qe1 Re8 19. Rc1 Bf5 20. c3 Nf4 21. Rd1
Nxe2+ 22. Kh1 Qc7 23. Qd2 Ne4 24. Qe1 N4g3+ 25. fxg3 Nxg3+ 26. Qxg3 Qxg3 27. c4
Re2 28. Ne1 Rxg2 29. Nxg2 Qxh3# 0-1

[Event "BayJEM19 - U16w"]
[Site "?"]
[Date "2019.04.23"]
[Round "3.8"]
[White "Vuckovic, Katarina"]
[Black "Burger, Daiana"]
[Result "0-1"]
[WhiteElo "1501"]
[BlackElo "1137"]
[PlyCount "94"]
[EventDate "2019.??.??"]
[WhiteTeam "Schachfreunde Augsburg"]
[BlackTeam "SK Neumarkt e.V."]

1. e4 e5 2. Nf3 Nc6 3. d4 exd4 4. Bc4 Nf6 5. e5 d5 6. Bb5 Ne4 7. Nxd4 Bc5 8.
O-O O-O 9. Nxc6 bxc6 10. Bxc6 Ba6 11. Bxa8 Bxf1 12. Kxf1 Qh4 13. Qf3 Rxa8 14.
Bf4 Rb8 15. Nc3 c6 16. Nd1 h6 17. Ke2 g5 18. Bg3 Nxg3+ 19. hxg3 Qc4+ 20. Qd3
Re8 21. Qxc4 dxc4 22. f4 f6 23. Kf3 fxe5 24. fxg5 Rf8+ 25. Ke2 hxg5 26. Ne3
Bxe3 27. Kxe3 Rd8 28. Ke2 Rd4 29. b3 Kf7 30. Rd1 Rxd1 31. Kxd1 c3 32. Ke2 Ke6
33. g4 e4 34. a3 Kd5 35. Ke3 c5 36. a4 a5 37. g3 Ke5 38. Kf2 Kd4 39. Ke2 c4 40.
Kd1 cxb3 41. cxb3 Kd3 42. b4 axb4 43. a5 e3 44. a6 c2+ 45. Kc1 e2 46. a7 e1=Q+
47. Kb2 Qb1# 0-1

[Event "BayJEM19 - U16w"]
[Site "?"]
[Date "2019.04.24"]
[Round "4.1"]
[White "Cheredzhiyska, Iva"]
[Black "Kunisch, Nina"]
[Result "1/2-1/2"]
[WhiteElo "1583"]
[BlackElo "1755"]
[PlyCount "36"]
[EventDate "2019.??.??"]
[WhiteTeam "TV Tegernsee"]
[BlackTeam "TV-Großostheim 1900 e.V."]

1. e4 e5 2. Nf3 Nc6 3. d4 exd4 4. Nxd4 Bb4+ 5. Nc3 Bxc3+ 6. bxc3 d6 7. Bb5 Bd7
8. O-O Nge7 9. f4 Ng6 10. a4 a6 11. Bc4 h5 12. Nf3 f6 13. Nd4 Nxd4 14. cxd4 Qe7
15. f5 Nf8 16. Qd3 Kd8 17. Re1 Bxf5 18. Ba3 Be6 1/2-1/2

[Event "BayJEM19 - U16w"]
[Site "?"]
[Date "2019.04.24"]
[Round "4.2"]
[White "Pavlov, Liliane"]
[Black "Bardorz, Jana"]
[Result "0-1"]
[WhiteElo "1764"]
[BlackElo "1863"]
[PlyCount "62"]
[EventDate "2019.??.??"]
[WhiteTeam "SC Bavaria Regensb.1881"]
[BlackTeam "TSV 1869 e. V. Rottendorf"]

1. d4 Nf6 2. c4 g6 3. Nf3 Bg7 4. g3 O-O 5. Bg2 d6 6. O-O c6 7. Nc3 Qb6 8. b3 e5
9. dxe5 dxe5 10. Bb2 e4 11. Na4 Qa5 12. Bc3 Qh5 13. Nd2 Bf5 14. e3 Bg4 15. f3
exf3 16. Bxf3 Nbd7 17. Bd4 Rad8 18. Qe2 Ne5 19. Bxg4 Nfxg4 20. Rad1 Rfe8 21.
Nb2 Rxd4 22. Rde1 Rd7 23. Qg2 Bh6 24. Nd1 Qxh2+ 25. Qxh2 Nxh2 26. Kxh2 Rxd2+
27. Kh3 Nd3 28. e4 Nxe1 29. Rxe1 Red8 30. Nc3 R8d3 31. Ne2 Re3 0-1

[Event "BayJEM19 - U16w"]
[Site "?"]
[Date "2019.04.24"]
[Round "4.3"]
[White "Kühne, Maria"]
[Black "Weber, Leonora"]
[Result "1-0"]
[WhiteElo "1562"]
[BlackElo "1526"]
[PlyCount "93"]
[EventDate "2019.??.??"]
[WhiteTeam "FC Ergolding 1932 e.V."]
[BlackTeam "Schachklub Rochade Augsburg"]

1. e4 c5 2. b3 Nc6 3. Bb2 Nf6 4. e5 Nd5 5. Nf3 e6 6. c4 Nc7 7. Be2 Be7 8. O-O
O-O 9. d4 cxd4 10. Bxd4 Nxd4 11. Qxd4 d5 12. Nc3 b6 13. Rac1 Bc5 14. Qf4 Bb7
15. Rfd1 Qe7 16. Nd4 f6 17. Rd3 fxe5 18. Qxe5 Bd6 19. Qh5 g6 20. Qh3 e5 21.
Ndb5 Nxb5 22. Nxb5 e4 23. Rdd1 Bf4 24. Rb1 Rfd8 25. cxd5 Bxd5 26. Rxd5 Rxd5 27.
Bc4 Rad8 28. Nc3 e3 29. Nxd5 exf2+ 30. Kf1 Rxd5 31. Bxd5+ Kg7 32. Qc3+ Be5 33.
Qe3 Qd6 34. Rd1 Bxh2 35. Qxf2 Bg3 36. Qf3 Qe5 37. Bc4 b5 38. Bd5 a5 39. Be4 Qc7
40. Bc6 b4 41. Rd7+ Qxd7 42. Bxd7 Be5 43. Qd5 Bc7 44. Bc6 Bb6 45. g4 h6 46.
Qe5+ Kf7 47. Bd7 1-0

[Event "BayJEM19 - U16w"]
[Site "?"]
[Date "2019.04.24"]
[Round "4.4"]
[White "Khamenya, Vitalia"]
[Black "Schilay, Maria"]
[Result "1-0"]
[WhiteElo "1872"]
[BlackElo "1580"]
[PlyCount "59"]
[EventDate "2019.??.??"]
[WhiteTeam "SK Gräfelfing"]
[BlackTeam "SK Neumarkt e.V."]

1. d4 d5 2. e3 Nf6 3. Bd3 e6 4. Nf3 c5 5. c3 Nc6 6. O-O cxd4 7. exd4 Bd6 8. Re1
h6 9. Ne5 Qc7 10. f4 O-O 11. Nd2 Bd7 12. g4 Ne7 13. Re3 Be8 14. g5 Bxe5 15.
fxe5 Nh7 16. gxh6 g6 17. Rh3 Kh8 18. Nf3 Ng8 19. Qf1 Qe7 20. Qg2 Rc8 21. Bd2
Qd8 22. Rf1 Ne7 23. Bg5 Qd7 24. Bf6+ Nxf6 25. exf6 Nf5 26. Bxf5 exf5 27. h7 Qe6
28. Qg5 Rc6 29. Qh6 Qxf6 30. Qxf8# 1-0